01338nam a2200265Ia 4500001000600000003000900006008004100015040001300056040001300069041001300082100002000095100002900115240004200144240003500186245008900221245008900310250001100399260001100410260001800421260004900439300004300488500048800531650002201019650003101041 9173IT-RoPAU130308s9999 xx 000 0 und d aIT-RoPAU cIT-RoPAU aITALIANO aHintikka Jaakko gCodice Aut. SPICS: 5471 aLOGIC, LANGUAGE-GAMES AND INFORMATION gCodice Tit. Orig. Spics: T0811 aLogica, giochi linguistici e informazione-Temi kantiani nella filosofia della logica bLogica, Giochi Linguistici e Informazione-Temi Kantiani nella Filosofia della Logica a1a ed. aMILANO bIl Saggiatore c1975 [1° Ed.:1975 - Ed.Ling.Originale:1973] a"334 p. (prefazione: no ; testo: 334)" a* Logica della Filosofia e Filosofia della Logica* Quantificazione e la Teoria Raffigurativa del Linguaggio (La)* Giochi Linguistici per I Quantificatori* Criteri comportamentali per la Traduzione Radicale* Quantificatori, Giochi Linguistici e Argomenti Trascendentali* una Analisi dell'Analiticita'* Verità€ logiche Sono Tautologie? (Le)* Kant Rivisitato* Kant e la Tradizione dell'Analisi* Informazione, Deduzione e a Priori* forme normali Distributive nella Logica del Primordine aLOGICA FILOSOFICA eCodice materia Spics: 3151